000
00337 a2200157 4500
001
175314
020
_a
85-85446-31-5
040
_c
Magnum
100
_a
Almeida, Miriam Lino de
240
1
0
_a
Geografia - módulo 3
_l
por
245
1
0
_a
Geografia - módulo 3
300
_a
79
362
0
_a
2002
697
_a
MISCELÂNEA
942
_c
BK
999
_c
175314
_d
175314